000 00678nam a2200229 i 4500
001 17318
003 ES-MaACL
005 20250920063029.0
007 t|
008 010129s1999 sp ||||1| spa d
020 _a84-930708-2-3
080 _a821.133.1-4"19"
100 0 _aBlanchot, Maurice,
_d1907-2003
_929163
245 1 3 _aLa comunidad inconfesable /
_cMaurice Blanchot ; traducción de Isidro Herrera.
260 _aMadrid :
_bArena Libros,
_c[1999]
300 _a131 p. ;
_c21 cm.
490 1 _aArena ;
_v3
700 1 _aHerrera, Isidro.
_963198
830 0 _aArena ;
_v3
_9182454
852 _aES-MaACL
_jL-24133
_bR.129388
999 _c17318
_d17318